Ballon d'Or 2000 Rankings - Statistics

General Stats
  • This quiz has been taken 13 times
  • The average score is 29 of 49
Answer Stats
rank nat. pos. age club Answer % Correct
3 Flag of Ukraine CF (24) AC Milan Andriy Shevchenko
100%
1 Flag of Portugal RW (28) FC BarcelonaReal Madrid Luís Figo
100%
Flag of Brazil LB (27) Real Madrid Roberto Carlos
100%
4 Flag of France CF (23) Arsenal FC Thierry Henry
100%
2 Flag of France AM (28) Juventus FC Zinedine Zidane
100%
9 Flag of Spain CF (23) Real Madrid Raúl
92%
6 Flag of Brazil OM (28) FC Barcelona Rivaldo
92%
Flag of Ireland CM (29) Manchester United Roy Keane
92%
Flag of England CM (25) Manchester United David Beckham
85%
Flag of the Netherlands CF (31) Arsenal FC Dennis Bergkamp
85%
Flag of Germany GK (31) Bayern Monachium Oliver Kahn
85%
10 Flag of Italy LB (32) AC Milan Paolo Maldini
85%
22 Flag of the Czech Republic LM (28) Lazio Rzym Pavel Nedvěd
85%
Flag of Wales LM (27) Manchester United Ryan Giggs
85%
5 Flag of Italy CB (24) Lazio Rzym Alessandro Nesta
77%
Flag of France GK (29) Manchester United Fabien Barthez
77%
Flag of Argentina CF (25) Parma Calcio 1913Lazio Rzym Hernán Crespo
77%
Flag of the Netherlands CB (28) Manchester United Jaap Stam
77%
18 Flag of the Netherlands CM (27) Juventus FC Edgar Davids
69%
Flag of Italy CF (24) AS Roma Francesco Totti
69%
7 Flag of Argentina CF (31) AS Roma Gabriel Batistuta
69%
Flag of England CM (26) Manchester United Paul Scholes
69%
Flag of France CF (23) Juventus FC David Trezeguet
62%
Flag of Argentina CM (25) Lazio Rzym Juan Sebastián Verón
62%
24 Flag of France CB (32) Chelsea FC Marcel Desailly
62%
Flag of Argentina DM (31) Real MadridAC Milan Fernando Redondo
54%
14 Flag of Italy GK (29) AC Fiorentina Francesco Toldo
54%
Flag of Turkey CF (29) Inter Milan Hakan Şükür
54%
27 Flag of France CB (35) Inter Milan Laurent Blanc
54%
17 Flag of the Netherlands CF (24) FC Barcelona Patrick Kluivert
54%
Flag of France CF (21) Real MadridParis Saint-Germain Nicolas Anelka
46%
Flag of Portugal OM (28) AC Fiorentina Rui Costa
46%
Flag of Uruguay CF (24) Inter Milan Álvaro Recoba
38%
Flag of France DM (32) Chelsea FCValencia CF Didier Deschamps
38%
Flag of Italy CF (27) Juventus FC Filippo Inzaghi
38%
Flag of Cameroon RM (22) Real Madrid Geremi
38%
Flag of the Netherlands LW (24) FC Barcelona Boudewijn Zenden
31%
8 Flag of Spain RM (26) Valencia CF Gaizka Mendieta
31%
Flag of Brazil CF (27) Galatasaray Mário Jardel
31%
Flag of France CF (26) FC Girondins BordeauxArsenal FC Sylvain Wiltord
31%
12 Flag of Slovenia OM (29) Olympiacos PiraeusValencia CF Zlatko Zahovič
31%
Flag of Argentina CF (26) Valencia CFLazio Rzym Claudio López
23%
Flag of France RB (35) Valencia CF Jocelyn Angloma
23%
Flag of FR Yugoslavia/Serbia and Montenegro CF (27) Real ZaragozaParma Calcio 1913 Savo Milošević
23%
Flag of Argentina OM (24) AS Monaco Marcelo Gallardo
15%
Flag of Portugal CF (24) SL BenficaAC Fiorentina Nuno Gomes
15%
Flag of Cameroon CF (30) Cagliari CalcioParma Calcio 1913 Patrick M'Boma
15%
Flag of Italy CF (31) AS Monaco Marco Simone
8%
31 Flag of Brazil CF (30) Olympique Lyon Sonny Anderson
8%
No matching quizzes found
Score Distribution
Percent of People with Each Score
Percentile by Number Answered
Your Score History
You have not taken this quiz